00381pab a2200133 454500008004000000100002100040245006800061260000900129300001500138362001000153650003600163650001400199773003400213180718b1997 xxu||||| |||| 00| 0 eng d aBanerjee, Sikata aThe Saffron Wave: the eleventh general elections in Maharashtra c1997 ap.2551-559 a4 Oct aElections - India - Maharashtra aElections aEconomic and Political Weekly